000 00821nam a2200253 a 4500
001 000020135
005 20200929170301.0
008 100722s1970 sp 001 e spa d
040 _aDO-SdBNP
_bspa
_cBNPHU
082 _a864.6
_bÓ77v, 1970
100 1 _aOrtega y Gasset, José,
_d1883-1955.
_95769
245 1 3 _aVelázquez /
_cJosé Ortega y Gasset.
250 _a2a ed.
260 _aMadrid :
_bEspasa-Calpe,
_c1970.
300 _a227 p. :
_bil. ;
_c18 cm.
490 1 _aAustra. Verde : ensayos y filosofía;
_v1322
500 _aIncluye índice de autores.
650 4 _aEnsayos españoles
_93095
650 4 _aLiteratura española
_9632
600 1 4 _aRODRÍGUEZ DE SILVA Y VELÁZQUEZ, DIEGO,
_d1599-1660
_942732
830 0 _aAustra.
_pVerde: ensayos y filosofía;
_v1322
_942733
910 _aWM
049 _aBNGR
999 _c19643
_d19643